How a house is built / (Record no. 2678)

MARC details
000 -LEADER
fixed length control field 00866cam a2200265 a 4500
005 - DATE AND TIME OF LATEST TRANSACTION
control field 20240523084213.0
020 ## - INTERNATIONAL STANDARD BOOK NUMBER
International Standard Book Number 0590449400
040 ## - CATALOGING SOURCE
Original cataloging agency DLC
Transcribing agency DLC
Modifying agency DLC
Language of cataloging eng
050 00 - LIBRARY OF CONGRESS CALL NUMBER
Classification number TH4811.5
082 00 - DEWEY DECIMAL CLASSIFICATION NUMBER
Classification number 690.837
100 1# - MAIN ENTRY--PERSONAL NAME
Personal name Gibbons, Gail
245 10 - TITLE STATEMENT
Title How a house is built /
Statement of responsibility, etc. by Gail Gibbons
250 ## - EDITION STATEMENT
Edition statement First Scholastic printing, July 1991
260 ## - PUBLICATION, DISTRIBUTION, ETC.
Place of publication, distribution, etc. New York :
Name of publisher, distributor, etc. Scholastic ,
Date of publication, distribution, etc. 1990
300 ## - PHYSICAL DESCRIPTION
Extent 30 unnumbered pages :
Other physical details color illustrations ;
Dimensions 21 cm.
505 ## - FORMATTED CONTENTS NOTE
Formatted contents note N <br/>
520 ## - SUMMARY, ETC.
Summary, etc. Describes how the surveyor, heavy machinery operators, carpenter crew, plumbers, and other workers build a house.
521 ## - TARGET AUDIENCE NOTE
Target audience note 570 <br/>
Source Lexile <br/>
521 ## - TARGET AUDIENCE NOTE
Target audience note N <br/>
Source Raz-Plus <br/>
650 #0 - SUBJECT ADDED ENTRY--TOPICAL TERM
Topical term or geographic name entry element House construction
General subdivision Juvenile literature.
650 #1 - SUBJECT ADDED ENTRY--TOPICAL TERM
Topical term or geographic name entry element House construction.
906 ## - LOCAL DATA ELEMENT F, LDF (RLIN)
a 7
b cbc
c orignew
d 1
e ocip
f 19
g y-gencatlg
942 ## - ADDED ENTRY ELEMENTS (KOHA)
Source of classification or shelving scheme Dewey Decimal Classification
Koha item type Books
Suppress in OPAC No
999 ## -
-- 2678
-- 2678
Holdings
Withdrawn status Lost status Source of classification or shelving scheme Damaged status Not for loan Collection Home library Current library Shelving location Date acquired Total Checkouts Full call number Barcode Date last seen Date last checked out Price effective from Koha item type
    Dewey Decimal Classification     Non-Fiction Footprints International School Library Network Toul Kork Campus Footprints International School Library Network Toul Kork Campus   01/09/2024 4 GIB 690.837 TH4811.G53 FISTK02125 03/12/2024 03/05/2024 01/09/2024 Books